| 000 | 00000nas 2200000za 4500 |
| 001 | 9.813600 |
| 003 | CaOODSP |
| 005 | 20221107141558 |
| 007 | cr ||||||||||| |
| 008 | 160322d19481955oncar p oss f000#b0fre|d |
| 022 | |y0381-8780 |
| 040 | |aCaOODSP|bfre |
| 041 | |aeng|afre |
| 043 | |an-cn--- |
| 086 | 1 |aCS91-204-PDF |
| 245 | 00|aEstimates of households and families in Canada |h[ressource électronique] / |cprepared in the Social Analysis Section of the Census Division = Nombre estimatif de ménages et de familles au Canada / préparé par la Section de l'analyse sociale de la Division de recensement. |
| 246 | 11|aNombre estimatif de ménages et de familles au Canada |
| 260 | |aOttawa : |bBureau fédéral de la statistique, |c[1949?-1956]. |
| 310 | |aAnnuel |
| 362 | 0 |a1947/1948-1955. |
| 500 | |aÉdition numérisée de l’imprimé [par Statistique Canada]. |
| 515 | |aLa livr. de 1950 n'a pas été publiée. |
| 515 | |aAucune livr. pour les années de recensement. |
| 546 | |aTexte en anglais et en français. |
| 692 | 07|2gccst|aPopulation |
| 692 | 07|2gccst|aFamille |
| 692 | 07|2gccst|aStatistiques démographiques |
| 710 | 1 |aCanada. |bBureau fédéral de la statistique. |
| 710 | 1 |aCanada.|bDivision du recensement.|bSection de l'analyse sociale. |
| 780 | 00|tEstimated number of families in Canada |w(CaOODSP)9.813590 |
| 785 | 00|tEstimates of families in Canada |w(CaOODSP)9.813602 |
| 791 | |tEstimates of households and families in Canada |eeng|w(CaOODSP)9.813598 |